000 00732nam a2200265Ia 4500
003 OSt
005 20220912150400.0
006 a|||||r|||| 00| 0
007 ta
008 220909b |||||||| |||| 00| 0 eng d
024 _a33103
037 _cTextual
040 _aCSL
_beng
_cCSL
041 _aeng
082 _aD6:78, M0
100 _aGhosal A Ed.
245 0 _aApplied cybernetics and planning: A volume in SCIMA special studies
260 _aNew Delhi
_b South Asian Publishers
_c1980
300 _axvi, 299p.
_ccm.
490 _aSCIMA special series
650 _a Mechanical engineering
650 _aEngineering
942 _hD6:78, M0
_cTEXL
_2CC
999 _c46240
_d46240